<?xml version="1.0" encoding="UTF-8"?>
<record
    xmlns:xsi="http://www.w3.org/2001/XMLSchema-instance"
    xsi:schemaLocation="http://www.loc.gov/MARC21/slim http://www.loc.gov/standards/marcxml/schema/MARC21slim.xsd"
    xmlns="http://www.loc.gov/MARC21/slim">

  <leader>01783    a2200229   4500</leader>
  <controlfield tag="003">Nust</controlfield>
  <controlfield tag="005">20221226105707.0</controlfield>
  <datafield tag="010" ind1=" " ind2=" ">
    <subfield code="a">   99069606</subfield>
  </datafield>
  <datafield tag="020" ind1=" " ind2=" ">
    <subfield code="a">8176351520</subfield>
  </datafield>
  <datafield tag="040" ind1=" " ind2=" ">
    <subfield code="c">Nust</subfield>
  </datafield>
  <datafield tag="082" ind1="0" ind2="0">
    <subfield code="a">621.39160288,GRI</subfield>
  </datafield>
  <datafield tag="100" ind1="1" ind2=" ">
    <subfield code="a">Grimes, Galen.</subfield>
    <subfield code="9">46267</subfield>
  </datafield>
  <datafield tag="245" ind1="1" ind2="0">
    <subfield code="a">Sams teach yourself upgrading and fixing PCs in 24 hours /</subfield>
    <subfield code="c">Galen Grimes.</subfield>
  </datafield>
  <datafield tag="250" ind1=" " ind2=" ">
    <subfield code="a">1st indian ed.</subfield>
  </datafield>
  <datafield tag="260" ind1=" " ind2=" ">
    <subfield code="a">Indianapolis, Ind. :</subfield>
    <subfield code="b">Sams,</subfield>
    <subfield code="c">c2000.</subfield>
  </datafield>
  <datafield tag="300" ind1=" " ind2=" ">
    <subfield code="a">xi, 342 p. :</subfield>
    <subfield code="b">ill. ;</subfield>
    <subfield code="c">23 cm.</subfield>
  </datafield>
  <datafield tag="505" ind1=" " ind2=" ">
    <subfield code="a">Making the Decision to Upgrade (Page-1), Understanding the Components in your PC (Page-9), Examining your PCs System Configuration (Page-23), The Tools of the Trade (Page-37), Understanding and Working with your CMOS Settings (Page-47), Upgrading your&#x2019;s Pc Memory (Page-53), Upgrading Your CPU (Page-67), Replacing your Main System Board (Page-79), Replacing Upgrading or Adding a Hard Disk Drive (Page-91), Replacing your Floppy Disk Drive (Page-129), Replacing Your Keyboard Mouse and other Input Devices (Page-141), Upgrading Your Video Card (Page-151), Upgrading Your Video Monitor (Page-163), Upgrading or Adding a Modern or other Communications Device (Page-173), Upgrading Your PC&#x2019;s Case and Power Supply (Page-185), Upgrading Your PC&#x2019;s BIOS (Page-197), Upgrading or Adding a Sound System to Your PC (Page-209), Selecting and Installing a Printer (Page-221), Selecting and Using a Scanner or Digital Camera (Page-233), Upgrading to a New Operating System (Page-243), PC Performance Monitoring and Diagnostic Tools (Page-253), How to Purchase PC Components on the Internet (Page-265).  </subfield>
  </datafield>
  <datafield tag="650" ind1=" " ind2="0">
    <subfield code="a">Microcomputers</subfield>
    <subfield code="x">Equipment and supplies.</subfield>
    <subfield code="9">96388</subfield>
  </datafield>
  <datafield tag="650" ind1=" " ind2="0">
    <subfield code="a">Microcomputers</subfield>
    <subfield code="x">Maintenance and repair.</subfield>
    <subfield code="9">36710</subfield>
  </datafield>
  <datafield tag="650" ind1=" " ind2="0">
    <subfield code="a">Microcomputers</subfield>
    <subfield code="x">Upgrading.</subfield>
    <subfield code="9">94563</subfield>
  </datafield>
  <datafield tag="942" ind1=" " ind2=" ">
    <subfield code="2">ddc</subfield>
    <subfield code="c">BK</subfield>
  </datafield>
  <datafield tag="999" ind1=" " ind2=" ">
    <subfield code="c">176247</subfield>
    <subfield code="d">176247</subfield>
  </datafield>
  <datafield tag="952" ind1=" " ind2=" ">
    <subfield code="0">0</subfield>
    <subfield code="1">0</subfield>
    <subfield code="2">ddc</subfield>
    <subfield code="4">0</subfield>
    <subfield code="7">0</subfield>
    <subfield code="a">MCS</subfield>
    <subfield code="b">MCS</subfield>
    <subfield code="c">GEN</subfield>
    <subfield code="d">2016-12-12</subfield>
    <subfield code="o">621.39160288,GRI</subfield>
    <subfield code="p">MCS26545</subfield>
    <subfield code="r">2016-12-08</subfield>
    <subfield code="w">2016-12-12</subfield>
    <subfield code="y">BK</subfield>
    <subfield code="z">Almirah No.40, Shelf No.1</subfield>
  </datafield>
</record>
